000 00493nam a2200181 a 4500
005 20140310183136.0
008 020820s19uu xx 00 eng d
020 _a0070057222
050 _aHD 31
_b.B36942 2001
100 _aBartol, Kathryn M.
245 _aManagement /
_cKathryn M. Bartol.
260 _aSingapore :
_bMcGraw-Hill Book Companies Inc.,
_c2001.
300 _a778 p. :
_bill. ;
_c26 cm.
521 _aBSBA
650 _aManagement
942 _cBK
_2lcc
_kFOR
999 _c19274
_d19274